000 00506nam a2200133Ia 4500
008 180901s9999 xx 000 0 und d
020 _a9780323263382
100 _aLong,Bruce W.
245 _cBruce W. Long, Jeannean Hall Rollins, Barbara J.Smith,Tammy Curtis.--
_aWorkbook for Merrill's atlas of radiographic positioning & procedures /
260 _aUSA :
_bElsevier
_c2016
300 _aix, 595 pages :
_billustrations.
650 _aRadiography, Medical -- Positioning.
650 _aRadiography, Medical.
999 _c358503
_d358503